101 great American poems : (Record no. 1342)

MARC details
000 -LEADER
fixed length control field 00984cam a22002898a 4500
005 - DATE AND TIME OF LATEST TRANSACTION
control field 20260322212056.0
008 - FIXED-LENGTH DATA ELEMENTS--GENERAL INFORMATION
fixed length control field data
010 ## - LIBRARY OF CONGRESS CONTROL NUMBER
LC control number 97051163
020 ## - INTERNATIONAL STANDARD BOOK NUMBER
International Standard Book Number 0486401588 (pbk.)
020 ## - INTERNATIONAL STANDARD BOOK NUMBER
International Standard Book Number 9780486401584 (pbk.)
040 ## - CATALOGING SOURCE
Original cataloging agency DLC
Transcribing agency DLC
Modifying agency DLC
050 00 - LIBRARY OF CONGRESS CALL NUMBER
Classification number PS586
Item number .A14 1998
082 00 - DEWEY DECIMAL CLASSIFICATION NUMBER
Classification number 811.008
Edition information 21
092 ## - LOCALLY ASSIGNED DEWEY CALL NUMBER (OCLC)
Classification number 811.001 A14 1998
001 - CONTROL NUMBER
control field data
245 10 - TITLE STATEMENT
Title 101 great American poems :
Remainder of title an anthology /
Statement of responsibility, etc. American Poetry & Literacy Project (Mineola, N.Y.).
246 3# - VARYING FORM OF TITLE
Title proper/short title One hundred one great American poems
246 3# - VARYING FORM OF TITLE
Title proper/short title One hundred and one great American poems
260 ## - PUBLICATION, DISTRIBUTION, ETC.
Place of publication, distribution, etc. Mineola, NY :
Name of publisher, distributor, etc. Dover Pub.,
Date of publication, distribution, etc. c1998.
263 ## - PROJECTED PUBLICATION DATE
Projected publication date 1111
300 ## - PHYSICAL DESCRIPTION
Extent xv, 80 p. ;
Other physical details 21 cm.
440 #0 - SERIES STATEMENT/ADDED ENTRY--TITLE
Title Dover thrift editions
504 ## - BIBLIOGRAPHY, ETC. NOTE
Bibliography, etc. note Includes bibliographical references (p. ) and index.
650 #0 - SUBJECT ADDED ENTRY--TOPICAL TERM
Topical term or geographic name entry element American poetry.
720 2# - ADDED ENTRY--UNCONTROLLED NAME
Name American Poetry & Literacy Project (Mineola, N.Y.)
856 42 - ELECTRONIC LOCATION AND ACCESS
Materials specified Publisher description
Uniform Resource Identifier <a href="http://www.loc.gov/catdir/description/dover032/97051163.html">http://www.loc.gov/catdir/description/dover032/97051163.html</a>
Holdings
Withdrawn status Lost status Damaged status Not for loan Home library Current library Shelving location Date acquired Total checkouts Full call number Barcode Date last seen Price effective from Koha item type
        Troy Troy General stacks 22/03/2026   811.008 21 BC0011385 22/03/2026 22/03/2026 Books